00379nam a2200145Ia 4500008004100000020001500041041001200056082001600068100001600084245005800100260003400158300000900192650001600201700001600217221030s9999 xx 000 0 und d a8175441577 aEnglish a105.23bGup aA. K. Gupta 0aMathematics of Computingcby A. K. Gupta, S. K.Sarkar bWheeler Pub.aNew Delhic1999 a3449 aBE Computer aS. K.Sarkar